000 00414nam a22001697a 4500
003 NUST - PNEC
005 20170116180929.0
008 150905b xxu||||| |||| 00| 0 eng d
020 _a0672270668
040 _cLIBRARY
082 _a621.3692 HEC
100 _98121
_aHecht, Jeff
245 _aUnderstanding fiber optics
_cJeff Hecht
260 _cc.1987
650 _98123
_aFiber Optics
_xEE
942 _2ddc
_cBK
999 _c65840
_d65840